| 000 | 01066pam a2200313 a 4500 | ||
|---|---|---|---|
| 001 | 2422181 | ||
| 003 | Ke-BoTe | ||
| 005 | 20220523094406.0 | ||
| 008 | 870731s1988 mdua b 001 0 eng c | ||
| 010 | _a 87019361 | ||
| 020 | _a0871898799 | ||
| 040 |
_aDNLM/DLC _cDLC _dDLC |
||
| 050 | 1 | 0 |
_aRD99 _b.S65 1988 |
| 060 | _aWY 18 S771e | ||
| 082 | 0 | 0 |
_a617/.91/028 _219 |
| 100 | 1 |
_aSpry, Cynthia. _96154 |
|
| 245 | 1 | 0 |
_aEssentials of perioperative nursing : _ba self-learning guide / _cCynthia Spry. |
| 260 |
_aRockville, Md. : _bAspen Publishers ; _cc1988. |
||
| 300 |
_aix, 243 p. : _bill. ; _c29 cm. |
||
| 500 | _a"An Aspen publication." | ||
| 504 | _aIncludes bibliographies and index. | ||
| 650 | 0 | _aSurgical nursing. | |
| 650 | 0 |
_aOperating room nursing. _96155 |
|
| 650 | 0 |
_aSurgical nursing _xExaminations, questions, etc. _96156 |
|
| 650 | 0 |
_aOperating room nursing _xExaminations, questions, etc. _96157 |
|
| 650 | 2 |
_aOperating Room Nursing _xprogrammed instruction. _96158 |
|
| 906 |
_a7 _bcbc _corignew _d1 _eocip _f19 _gy-gencatlg |
||
| 942 |
_2lcc _cBK _n0 |
||
| 999 |
_c2996 _d2996 |
||